000 00495nam a2200169Ia 4500
008 230917s9999||||xx |||||||||||||| ||und||
020 _cRS1190
040 _e246038
_aMAIN
041 _aEnglish
082 _a515.353 T899I
100 _aTveito, Aslak
245 0 _aIntroduction to partial differential equations: A computational approach
260 _aNew York
_bSpringer (India)
_c2005
300 _axv, 392 p.
500 _a3048 23/02/2018 RBP18/69419 09/03/2018 Main Budget
942 _cBK
999 _c26124
_d26124